Lý thuyết nhóm : (Tài liệu dành cho sinh viên vật lý và hóa lý thuyết, các trường ĐH KHTN và ĐHSP)

Quyển sách này giới thiệu về đại cương về nhóm, biểu diễn nhóm, tích biểu diễn, phương pháp lý thuyết nóhm trong cơ lượng tử, các nhóm điểm và đối xứng phân tử, các nhóm không gian và đối xúng tinh thể, nhóm quay...

Ful tanımlama

Kaydedildi:
Detaylı Bibliyografya
Yazar: Nguyễn, Ngọc Giao
Materyal Türü: Kitap
Dil:Undetermined
Baskı/Yayın Bilgisi: Thành phố Hồ Chí Minh Trường Đại học Khoa học Tự nhiên 1999
Konular:
Etiketler: Etiketle
Etiket eklenmemiş, İlk siz ekleyin!
Thư viện lưu trữ: Trung tâm Học liệu Trường Đại học Cần Thơ
LEADER 01056nam a2200205Ia 4500
001 CTU_151969
008 210402s9999 xx 000 0 und d
082 |a 512.2 
082 |b Gi108/P.1 
100 |a Nguyễn, Ngọc Giao 
245 0 |a Lý thuyết nhóm : 
245 0 |b (Tài liệu dành cho sinh viên vật lý và hóa lý thuyết, các trường ĐH KHTN và ĐHSP) 
245 0 |c Nguyễn Ngọc Giao 
260 |a Thành phố Hồ Chí Minh 
260 |b Trường Đại học Khoa học Tự nhiên 
260 |c 1999 
520 |a Quyển sách này giới thiệu về đại cương về nhóm, biểu diễn nhóm, tích biểu diễn, phương pháp lý thuyết nóhm trong cơ lượng tử, các nhóm điểm và đối xứng phân tử, các nhóm không gian và đối xúng tinh thể, nhóm quay 
650 |a Group theory,Lý thuyết nhóm 
904 |i Hoan 
980 |a Trung tâm Học liệu Trường Đại học Cần Thơ